| 000 | 01058nam a2200337 4500 | ||
|---|---|---|---|
| 001 | 59593 | ||
| 003 | CO-BoRNBP | ||
| 005 | 20251023153718.0 | ||
| 007 | ta | ||
| 008 | 851014s1984 sp a 000 spa | ||
| 017 |
_aM 37974-1984 _bOficina Depósito Legal Madrid |
||
| 020 | _a8437218322 | ||
| 040 |
_aIBH _bspa _cSpMaBN _erdc |
||
| 041 | 1 | _aspa | |
| 080 | _a087.5:820-34"19" | ||
| 100 | 1 |
_aWinthrop, Elizabeth _966012 |
|
| 240 | 1 | 3 | _aLa muñeca de Catalina |
| 245 | 1 | 3 |
_aLa muñeca de Catalina _h[Texto impreso] _ctexto de Elizabeth Winthrop ; ilustraciones de Marylin Hafner ; traducción de Juan R. Azaola |
| 250 | _a1a. edición | ||
| 300 |
_a[32] p. _bil. col. _c18 cm |
||
| 336 |
_2rdacontent _atexto _btxt |
||
| 337 |
_2rdamedia _asin mediación _bn |
||
| 338 |
_2rdacarrier _avolumen _bnc |
||
| 490 | 0 |
_aColección Altea benjamín _v88 |
|
| 650 | _2LEMB | ||
| 700 | 1 |
_aHafner, Marylin _966013 |
|
| 942 |
_2ddc _cBK |
||
| 956 | _a2 | ||
| 980 |
_aSpMaBN _bBNALCALA _jDL/262616 _cCONSERVACI |
||
| 980 |
_aSpMaBN _bBNALCALA _jJ2C/322/6 _cSG_PETANTI |
||
| 999 |
_c59593 _d59593 |
||